[Event "Cape Town Masters"]
[Site "Cape Town"]
[Date "2025.01.10"]
[Round "8"]
[White "Dinham, James"]
[Black "Mankga, Thabang"]
[Result "0-1"]
[WhiteElo "1961"]
[BlackElo "1794"]
[PlyCount "88"]
[EventDate "2025.01.06"]
[EventType "swiss"]
[EventRounds "9"]
[EventCountry "RSA"]
[SourceTitle "CB03_2025"]
[SourceDate "2025.01.15"]
[SourceVersion "1"]
[SourceVersionDate "2025.01.15"]
[SourceQuality "1"]

1. Nf3 Nf6 2. g3 g6 3. Bg2 Bg7 4. 0-0 0-0 5. d4 d5 6. c4 c6 7. cxd5 cxd5 8. Nc3 a6 9. Ne5 b5 10. Qb3 e6 11. Bg5 Qb6 12. Rfd1 Nbd7 13. e4 Nxe5 14. dxe5 Ng4 15. Rd2 d4 16. Ne2 Nxe5 17. Rc1 Nd7 18. e5 Bb7 19. Bxb7 Qxb7 20. f4 Rfc8 21. Rxc8+ Rxc8 22. Be7 Nxe5 23. fxe5 Qxe7 24. Nxd4 Bxe5 25. Nf3 Bg7 26. Qd1 Qc5+ 27. Kg2 Bf6 28. b3 h5 29. a4 bxa4 30. bxa4 Rb8 31. Rc2 Qe3 32. Qd6 Qb3 33. Rf2 Qb6 34. Qf4 Bg7 35. a5 Qb5 36. Qc7 Qb7 37. Qd6 e5 38. Kh3 Re8 39. Ng5 Qc8+ 40. Kg2 Qb7+ 41. Kh3 Qe7 42. Qc6 Rf8 43. Ne4 Qb4 44. Ng5 Qg4+ 0-1

[Event "RSA-ch op"]
[Site "Durban"]
[Date "2024.06.30"]
[Round "4"]
[White "Mgobhozi, Bhekinkosi"]
[Black "Dinham, James"]
[Result "1-0"]
[WhiteElo "1999"]
[BlackElo "1954"]
[PlyCount "133"]
[EventDate "2024.06.29"]
[EventType "swiss"]
[EventRounds "11"]
[EventCountry "RSA"]
[SourceTitle "EXT 2025"]
[Source "ChessBase"]
[SourceDate "2024.10.14"]
[SourceVersion "1"]
[SourceVersionDate "2024.10.14"]
[SourceQuality "1"]

1. e4 c5 2. Nc3 Nc6 3. g3 g6 4. Bg2 Bg7 5. d3 d6 6. Nh3 Nf6 7. 0-0 0-0 8. f4 Bg4 9. Qd2 Nd4 10. Nf2 Bf3 11. Nfd1 Bxg2 12. Qxg2 Qd7 13. Ne3 Ng4 14. Ned1 b5 15. h3 b4 16. hxg4 bxc3 17. bxc3 Qa4 18. Nb2 Qa3 19. Nd1 Qa4 20. Kh2 Nb5 21. Bb2 Rab8 22. Qd2 Rb6 23. a3 Rfb8 24. g5 Qa5 25. Rf2 Qa4 26. Ra2 Nc7 27. f5 d5 28. Qf4 Qd7 29. a4 dxe4 30. a5 Nd5 31. Qxe4 Rc6 32. c4 Nb4 33. Bxg7 Nxa2 34. Be5 gxf5 35. Rxf5 Rf8 36. Ne3 Rg6 37. Ng4 Qe6 38. Nh6+ Rxh6+ 39. gxh6 Qxh6+ 40. Kg2 f6 41. Bf4 Qg6 42. Rxc5 Qxe4+ 43. dxe4 Nb4 44. Rc7 e5 45. Bh6 Rd8 46. Rg7+ Kh8 47. Rxa7 Nxc2 48. Bg7+ Kg8 49. Bxf6 Rc8 50. Rg7+ Kf8 51. a6 Ne3+ 52. Kf3 Nxc4 53. a7 Nd6 54. Rd7 Nb5 55. Rb7 Rc3+ 56. Kg4 Nxa7 57. Rxa7 h5+ 58. Kf5 Rxg3 59. Rh7 Rb3 60. Rxh5 Kf7 61. Bxe5 Rf3+ 62. Bf4 Kg7 63. e5 Ra3 64. Rh1 Ra5 65. Rb1 Ra7 66. e6 Ra5+ 67. Be5+ 1-0

[Event "RSA-ch op"]
[Site "Durban"]
[Date "2024.06.29"]
[Round "1"]
[White "Dinham, James"]
[Black "Snyckers, Adam"]
[Result "1-0"]
[WhiteElo "1954"]
[BlackElo "1666"]
[PlyCount "41"]
[EventDate "2024.06.29"]
[EventType "swiss"]
[EventRounds "11"]
[EventCountry "RSA"]
[SourceTitle "EXT 2025"]
[Source "ChessBase"]
[SourceDate "2024.10.14"]
[SourceVersion "1"]
[SourceVersionDate "2024.10.14"]
[SourceQuality "1"]

1. e4 c5 2. Nf3 e6 3. Nc3 Nc6 4. Bb5 Nge7 5. 0-0 a6 6. Bxc6 Nxc6 7. d4 cxd4 8. Nxd4 Qc7 9. Be3 Be7 10. Qg4 Bf6 11. Nxc6 bxc6 12. f4 d6 13. e5 dxe5 14. Ne4 exf4 15. Nxf6+ gxf6 16. Qg7 fxe3 17. Qxh8+ Ke7 18. Qxf6+ Ke8 19. Qh8+ Ke7 20. Rxf7+ Kxf7 21. Qxh7+ 1-0

[Event "Cape Town op"]
[Site "Cape Town"]
[Date "2024.01.07"]
[Round "9"]
[White "Dinham, James"]
[Black "Brander, Waylon"]
[Result "1-0"]
[WhiteElo "1916"]
[BlackElo "1819"]
[PlyCount "77"]
[EventDate "2024.01.03"]
[EventType "swiss"]
[EventRounds "9"]
[EventCountry "RSA"]
[SourceTitle "EXT 2025"]
[Source "ChessBase"]
[SourceDate "2024.10.14"]
[SourceVersion "1"]
[SourceVersionDate "2024.10.14"]
[SourceQuality "1"]

1. e4 c5 2. Nf3 Nc6 3. d4 cxd4 4. Nxd4 Nf6 5. Nc3 e6 6. Ndb5 d6 7. Bf4 e5 8. Bg5 a6 9. Na3 b5 10. Bxf6 gxf6 11. Nd5 Bg7 12. c3 f5 13. exf5 Bxf5 14. Nc2 0-0 15. Nce3 Be6 16. g4 Rb8 17. Qf3 Ne7 18. Bd3 Nxd5 19. Nxd5 Qg5 20. Rg1 Bxd5 21. Qxd5 Qf4 22. Rd1 e4 23. Bc2 e3 24. Rg2 Rbe8 25. f3 Re5 26. Qd3 f5 27. Ke2 Rf6 28. gxf5 Rh6 29. Rdg1 Rxh2 30. Qxd6 Qc4+ 31. Bd3 Qxa2 32. Qxe5 Qxb2+ 33. Kxe3 Rxg2 34. Qe6+ Kf8 35. Qd6+ Kg8 36. Qe6+ Kf8 37. Rxg2 Qxg2 38. Ke4 Qd2 39. Qd6+ 1-0

[Event "Durban USSA op"]
[Site "Durban"]
[Date "2023.12.07"]
[Round "7"]
[White "Dinham, James"]
[Black "Selepe, Lwazi"]
[Result "1-0"]
[WhiteElo "1928"]
[BlackElo "1815"]
[PlyCount "45"]
[EventDate "2023.12.04"]
[EventType "swiss"]
[EventRounds "9"]
[EventCountry "RSA"]
[SourceTitle "CBM 217 Extra"]
[Source "ChessBase"]
[SourceDate "2024.01.31"]
[SourceVersion "1"]
[SourceVersionDate "2024.01.31"]
[SourceQuality "1"]

1. e4 c5 2. Nf3 d6 3. d4 cxd4 4. Nxd4 Nf6 5. Nc3 a6 6. Be3 e5 7. Nb3 Be6 8. f3 Be7 9. Qd2 0-0 10. 0-0-0 a5 11. Bb5 Na6 12. Qf2 Nc7 13. Bb6 Qb8 14. a4 Nxb5 15. Nxb5 Rc8 16. Ba7 Bxb3 17. Bxb8 Rc6 18. c3 Rxc3+ 19. Qc2 Bxc2 20. Nxd6 g6 21. Nc4 b5 22. axb5 Bb4 23. Rd8+ 1-0

[Event "Durban USSA op"]
[Site "Durban"]
[Date "2023.12.07"]
[Round "6"]
[White "Dinham, James"]
[Black "Tlamama, Tshepang"]
[Result "1-0"]
[WhiteElo "1928"]
[BlackElo "1287"]
[PlyCount "97"]
[EventDate "2023.12.04"]
[EventType "swiss"]
[EventRounds "9"]
[EventCountry "RSA"]
[SourceTitle "CBM 217 Extra"]
[Source "ChessBase"]
[SourceDate "2024.01.31"]
[SourceVersion "1"]
[SourceVersionDate "2024.01.31"]
[SourceQuality "1"]

1. e4 c6 2. d4 d5 3. Nc3 dxe4 4. Nxe4 Nd7 5. Nf3 Ngf6 6. Nxf6+ Nxf6 7. Bc4 Bf5 8. 0-0 e6 9. Bg5 Be7 10. h3 0-0 11. Nh4 Bg6 12. Nxg6 hxg6 13. Be2 Qa5 14. Be3 c5 15. Bf3 Rad8 16. Bxb7 cxd4 17. Bc1 Bd6 18. Qd3 Qe5 19. g3 Nh5 20. Bd2 Qc5 21. a3 Qb6 22. Bf3 Nf6 23. b4 Rfe8 24. Rfe1 e5 25. c4 dxc3 26. Qxc3 e4 27. Be3 Qb8 28. Bg2 Be5 29. Qc5 Bxa1 30. Rxa1 Rd7 31. Bf1 Red8 32. b5 Rc8 33. Qb4 Qe5 34. Re1 Nd5 35. Qa4 Nxe3 36. Rxe3 Rc1 37. Rxe4 Qh5 38. Kg2 Rdd1 39. g4 Qd5 40. Be2 Rg1+ 41. Kh2 Rh1+ 42. Kg3 Rcg1+ 43. Kf4 g5+ 44. Ke3 Rxh3+ 45. f3 Qc5+ 46. Qd4 Qxa3+ 47. Kf2 Qa1 48. Re8+ Kh7 49. Bd3+ 1-0

[Event "Kimberley Moja op"]
[Site "Kimberley"]
[Date "2023.10.03"]
[Round "8"]
[White "Dinham, James"]
[Black "Nevin, Tyler"]
[Result "0-1"]
[WhiteElo "1886"]
[BlackElo "1815"]
[PlyCount "118"]
[EventDate "2023.09.30"]
[EventType "swiss"]
[EventRounds "9"]
[EventCountry "RSA"]
[SourceTitle "CBM 216 Extra"]
[Source "ChessBase"]
[SourceDate "2023.11.30"]
[SourceVersion "1"]
[SourceVersionDate "2023.11.30"]
[SourceQuality "1"]

1. e4 c5 2. Nf3 d6 3. Nc3 Nc6 4. d4 cxd4 5. Nxd4 Nf6 6. Bb5 Bd7 7. 0-0 e6 8. Bg5 Be7 9. Re1 Qa5 10. Nb3 Qc7 11. Qd2 a6 12. Bf1 h6 13. Bh4 Rd8 14. Rad1 Bc8 15. Bg3 Nh5 16. Ne2 Nxg3 17. Nxg3 d5 18. Qe2 d4 19. Qg4 g6 20. e5 h5 21. Qe4 Bb4 22. Re2 h4 23. Nh1 Qb6 24. a3 Bc5 25. Qd3 Be7 26. Re4 Rd5 27. Rde1 a5 28. c4 dxc3 29. Qxc3 Rh5 30. Bc4 Rd8 31. Qe3 Qxe3 32. R4xe3 a4 33. Na1 Nxe5 34. Be2 Rg5 35. Re4 Nd3 36. Bxd3 Rxd3 37. Rxa4 Re5 38. Rf1 Bd7 39. Ra8+ Bd8 40. Nc2 Rb3 41. Ne3 Ke7 42. Rd1 Rc5 43. g3 Rxb2 44. gxh4 Bb6 45. Ng3 Rcb5 46. Ngf1 Bc6 47. a4 Rh5 48. Ra1 Rxh4 49. a5 Bxe3 50. Nxe3 Rhb4 51. Rf1 Ra2 52. Rc1 Rba4 53. Rd1 Rxa5 54. Rad8 Ra1 55. f4 Rxd1+ 56. Rxd1 Ra2 57. Rb1 Be4 58. Rb4 Bc6 59. h4 Ra4 0-1

[Event "Kimberley Moja op"]
[Site "Kimberley"]
[Date "2023.10.02"]
[Round "5"]
[White "Dinham, James"]
[Black "Mulenga, Prince Daniel"]
[Result "1/2-1/2"]
[WhiteElo "1886"]
[BlackElo "2203"]
[PlyCount "78"]
[EventDate "2023.09.30"]
[EventType "swiss"]
[EventRounds "9"]
[EventCountry "RSA"]
[SourceTitle "CBM 216 Extra"]
[Source "ChessBase"]
[SourceDate "2023.11.30"]
[SourceVersion "1"]
[SourceVersionDate "2023.11.30"]
[SourceQuality "1"]

1. e4 c5 2. Nf3 Nc6 3. d4 cxd4 4. Nxd4 Nf6 5. Nc3 d6 6. Bb5 Bd7 7. 0-0 g6 8. Be3 Bg7 9. h3 0-0 10. a4 a6 11. Nxc6 Bxc6 12. Bxc6 bxc6 13. a5 Nd7 14. Qd2 Re8 15. Ra4 c5 16. b3 Qc8 17. Rd1 Qc6 18. Nd5 Qb7 19. Bg5 Bf8 20. Bh6 Bg7 21. Bxg7 Kxg7 22. Qc3+ Kg8 23. f4 Rad8 24. Ne3 Nf6 25. Ng4 Nxg4 26. hxg4 d5 27. e5 Qc8 28. Qh3 h5 29. gxh5 Qxh3 30. gxh3 Kg7 31. hxg6 Kxg6 32. c4 dxc4 33. Rxd8 Rxd8 34. Rxc4 Rd3 35. Rxc5 Rxb3 36. e6 fxe6 37. Rc6 Kf5 38. Kg2 Ra3 39. Rxa6 Kxf4 1/2-1/2

[Event "Kimberley Moja op"]
[Site "Kimberley"]
[Date "2023.10.02"]
[Round "6"]
[White "Kobese, Watu"]
[Black "Dinham, James"]
[Result "0-1"]
[WhiteElo "2305"]
[BlackElo "1886"]
[PlyCount "80"]
[EventDate "2023.09.30"]
[EventType "swiss"]
[EventRounds "9"]
[EventCountry "RSA"]
[SourceTitle "CBM 216 Extra"]
[Source "ChessBase"]
[SourceDate "2023.11.30"]
[SourceVersion "1"]
[SourceVersionDate "2023.11.30"]
[SourceQuality "1"]

1. e4 c5 2. Nf3 d6 3. Bc4 Nc6 4. d3 Nf6 5. c3 e6 6. Bb3 Be7 7. 0-0 0-0 8. Nbd2 b5 9. Re1 d5 10. e5 Nd7 11. Nf1 d4 12. Ng3 Bb7 13. h4 Bxh4 14. Nxh4 Qxh4 15. Re4 Qe7 16. Qh5 g6 17. Qh6 Ndxe5 18. Rh4 f5 19. Bxe6+ Kh8 20. Bg5 Qg7 21. Qxg7+ Kxg7 22. Bh6+ Kh8 23. Bxf8 Rxf8 24. Rd1 Rd8 25. Ne2 dxc3 26. bxc3 Nxd3 27. Bb3 Nce5 28. Bc2 c4 29. Rh3 Re8 30. Bxd3 Nxd3 31. Re3 Rxe3 32. fxe3 Be4 33. a3 a6 34. Nf4 Kg7 35. Nxd3 cxd3 36. Kf2 Kf6 37. Ra1 Ke5 38. Rb1 Bd5 39. Rh1 h5 40. Rh4 Be4 0-1

[Event "Kimberley Moja op"]
[Site "Kimberley"]
[Date "2023.09.30"]
[Round "1"]
[White "Dinham, James"]
[Black "Cawdery, Daniel"]
[Result "1-0"]
[WhiteElo "1886"]
[BlackElo "2389"]
[PlyCount "97"]
[EventDate "2023.09.30"]
[EventType "swiss"]
[EventRounds "9"]
[EventCountry "RSA"]
[SourceTitle "CBM 216 Extra"]
[Source "ChessBase"]
[SourceDate "2023.11.30"]
[SourceVersion "1"]
[SourceVersionDate "2023.11.30"]
[SourceQuality "1"]

1. Nf3 Nf6 2. g3 g6 3. Bg2 Bg7 4. 0-0 0-0 5. d4 d5 6. c4 c6 7. cxd5 cxd5 8. Nc3 Nc6 9. Ne5 e6 10. Nxc6 bxc6 11. Bf4 Nd7 12. Na4 Qa5 13. a3 e5 14. dxe5 Nxe5 15. Rc1 Re8 16. b4 Qd8 17. Bxe5 Rxe5 18. Rxc6 Qe8 19. Rd6 Bg4 20. Bf3 Bxf3 21. exf3 Rc8 22. f4 Rh5 23. Nc5 d4 24. Re1 Qb5 25. Ne4 Rd5 26. Qb3 Rf5 27. a4 Qb7 28. b5 Bf8 29. Rxd4 a6 30. Qf3 Qb6 31. Red1 axb5 32. g4 Rfc5 33. Nxc5 Bxc5 34. Re4 b4 35. Kg2 Rb8 36. Rb1 Bf8 37. f5 Qc6 38. Rd4 Qxa4 39. fxg6 hxg6 40. Rb3 Qb5 41. Qd5 Qxd5+ 42. Rxd5 Rc8 43. Rd7 Rc4 44. h3 Bg7 45. Rf3 Bc3 46. Rdxf7 Bg7 47. Rb7 Bc3 48. Rd3 Rc8 49. Rd6 1-0

[Event "RSA-chT Regions"]
[Site "Boksburg"]
[Date "2020.01.10"]
[Round "3.3"]
[White "Dinham, James"]
[Black "Malgas, Glenwell"]
[Result "1/2-1/2"]
[WhiteElo "1637"]
[BlackElo "1745"]
[PlyCount "84"]
[EventDate "2020.01.09"]
[EventType "team-swiss"]
[EventRounds "7"]
[EventCountry "RSA"]
[SourceTitle "CBM 194 Extra"]
[Source "ChessBase"]
[SourceDate "2020.03.31"]
[SourceVersion "1"]
[SourceVersionDate "2020.03.31"]
[SourceQuality "1"]
[WhiteTeam "Ekurhuleni Patzer Smashers"]
[BlackTeam "ENM"]
[WhiteTeamCountry "RSA"]
[BlackTeamCountry "RSA"]

1. e4 c5 2. Nf3 d6 3. d4 cxd4 4. Nxd4 Nf6 5. Nc3 a6 6. Be3 e6 7. f3 b5 8. Qd2 Bb7 9. 0-0-0 Nbd7 10. g4 Ne5 11. g5 Nfd7 12. Bh3 Nc4 13. Qe2 Nxe3 14. Qxe3 b4 15. Nce2 Nc5 16. Nb3 Qc7 17. Ned4 Be7 18. Rhg1 Bc8 19. Bf1 Bb7 20. h4 0-0-0 21. Bh3 Kb8 22. Bg2 g6 23. f4 e5 24. Ne2 f6 25. Bf3 Nxb3+ 26. Qxb3 f5 27. exf5 e4 28. Bg4 gxf5 29. Bxf5 d5 30. Nd4 Qxf4+ 31. Kb1 Qe5 32. a3 Bc5 33. Ne6 Bxg1 34. Nxd8 Rxd8 35. Bxh7 Bf2 36. Qxb4 Bxh4 37. Bxe4 Bxg5 38. Bh1 Bf6 39. c4 Be7 40. Qb3 Qc7 41. Rxd5 Rxd5 42. Bxd5 Ka7 1/2-1/2

[Event "World ol U16"]
[Site "Corum"]
[Date "2019.11.04"]
[Round "8.24"]
[White "Dinham, James"]
[Black "Claassen, Anke"]
[Result "1-0"]
[WhiteElo "1589"]
[BlackElo "1295"]
[PlyCount "63"]
[EventDate "2019.10.29"]
[EventType "team-swiss"]
[EventRounds "9"]
[EventCountry "TUR"]
[SourceTitle "CBM 192 Extra"]
[Source "Chessbase"]
[SourceDate "2019.11.06"]
[SourceVersion "1"]
[SourceVersionDate "2019.11.06"]
[SourceQuality "1"]
[WhiteTeam "South Africa"]
[BlackTeam "South Africa III"]
[WhiteTeamCountry "RSA"]
[BlackTeamCountry "RSA"]

1. e4 e5 2. Nf3 Nc6 3. Bc4 Bc5 4. c3 Qe7 5. 0-0 Nf6 6. d4 Bb6 7. Re1 0-0 8. d5 Nd8 9. h3 d6 10. Nbd2 h6 11. Nf1 Nh7 12. a4 a6 13. Ng3 f5 14. exf5 Bxf5 15. Nxf5 Rxf5 16. Be3 Bxe3 17. Rxe3 Nf7 18. Bd3 Rf6 19. Qc2 Nhg5 20. Nh2 Nh8 21. Ng4 Rff8 22. h4 Rf4 23. hxg5 Rxg4 24. Bh7+ Kf8 25. Qf5+ Ke8 26. Qxg4 g6 27. Bg8 hxg5 28. Rh3 Qg7 29. Qe6+ Qe7 30. Rxh8 Qxe6 31. Bxe6+ Ke7 32. Rxa8 1-0

[Event "World ol U16"]
[Site "Corum"]
[Date "2019.11.01"]
[Round "5.21"]
[White "Dinham, James"]
[Black "Juhasz, Judit"]
[Result "0-1"]
[WhiteElo "1589"]
[BlackElo "2004"]
[PlyCount "98"]
[EventDate "2019.10.29"]
[EventType "team-swiss"]
[EventRounds "9"]
[EventCountry "TUR"]
[SourceTitle "CBM 192 Extra"]
[Source "Chessbase"]
[SourceDate "2019.11.06"]
[SourceVersion "1"]
[SourceVersionDate "2019.11.06"]
[SourceQuality "1"]
[WhiteTeam "South Africa"]
[BlackTeam "Hungary"]
[WhiteTeamCountry "RSA"]
[BlackTeamCountry "HUN"]

1. e4 c5 2. Nf3 Nc6 3. d4 cxd4 4. Nxd4 Qb6 5. Nb3 Nf6 6. Nc3 e6 7. Be3 Qc7 8. a3 a6 9. f4 d6 10. Qf3 Rb8 11. g4 b5 12. Bg2 Bb7 13. g5 Nd7 14. 0-0-0 Nb6 15. Bxb6 Qxb6 16. Rhe1 Be7 17. Qe2 Na5 18. Nxa5 Qxa5 19. Qd2 Rc8 20. Re3 e5 21. Rf3 exf4 22. Qxf4 0-0 23. Nd5 Bxd5 24. exd5 Rc4 25. Qe3 Qc7 26. c3 Rg4 27. Qe2 Bxg5+ 28. Kb1 Rc4 29. Bh3 a5 30. Rxf7 Qb8 31. Rxf8+ Qxf8 32. Rf1 Bf6 33. Bd7 Rc5 34. Rf3 g6 35. Bxb5 Kg7 36. c4 Rc7 37. Qe3 Re7 38. Qd2 Qd8 39. Rh3 h5 40. Ba4 Qc8 41. Qd3 Qb8 42. Qc2 Re1+ 43. Ka2 h4 44. Rb3 Qa7 45. Qg2 Qd4 46. Rb7+ Kh6 47. Rc7 Qd3 48. Bc2 Ra1+ 49. Kxa1 Qxa3+ 0-1

[Event "RSA-ch U14"]
[Site "Gauteng"]
[Date "2017.04.11"]
[Round "11"]
[White "Dinham, James"]
[Black "Cruywagen, Armand"]
[Result "1-0"]
[WhiteElo "1351"]
[BlackElo "1418"]
[PlyCount "58"]
[EventDate "2017.04.05"]
[EventType "swiss"]
[EventRounds "11"]
[EventCountry "RSA"]
[SourceTitle "CBM 177 Extra"]
[Source "ChessBase"]
[SourceDate "2017.04.27"]
[SourceVersion "1"]
[SourceVersionDate "2017.04.27"]
[SourceQuality "1"]

1. e4 e5 2. Nf3 Nc6 3. Bc4 Bc5 4. 0-0 Nf6 5. d4 exd4 6. e5 d5 7. exf6 dxc4 8. Re1+ Be6 9. Ng5 Qd5 10. Nc3 Qf5 11. g4 Qg6 12. Na4 Bd6 13. f4 Qh6 14. f5 Qxh2+ 15. Kf1 Bg3 16. Qf3 Bxe1 17. fxe6 Ne5 18. exf7+ Kf8 19. fxg7+ Ke7 20. Qg2 Qxg2+ 21. Kxg2 Rhd8 22. f8Q+ Rxf8 23. gxf8Q+ Rxf8 24. Ne4 Nxg4 25. Bg5+ Kd7 26. Rxe1 Rg8 27. Kg3 h5 28. Kh4 Kc6 29. Kxh5 Ne5 1-0

[Event "RSA-ch U14"]
[Site "Gauteng"]
[Date "2017.04.06"]
[Round "2"]
[White "Schnabel, Johann Emil"]
[Black "Dinham, James"]
[Result "1-0"]
[WhiteElo "1654"]
[BlackElo "1351"]
[PlyCount "131"]
[EventDate "2017.04.05"]
[EventType "swiss"]
[EventRounds "11"]
[EventCountry "RSA"]
[SourceTitle "CBM 177 Extra"]
[Source "ChessBase"]
[SourceDate "2017.04.27"]
[SourceVersion "1"]
[SourceVersionDate "2017.04.27"]
[SourceQuality "1"]

1. e4 c5 2. Nf3 d6 3. Bb5+ Bd7 4. Bxd7+ Nxd7 5. 0-0 Ngf6 6. Re1 g6 7. c3 Bg7 8. d4 cxd4 9. cxd4 0-0 10. Nc3 Rc8 11. Bf4 Nh5 12. Bg5 h6 13. Bd2 Nb6 14. b3 Nf6 15. Rc1 Nfd7 16. Nb5 a6 17. Na3 Na8 18. Nc4 Kh7 19. Bb4 Nb8 20. e5 d5 21. Ne3 Nc6 22. Bc3 Nc7 23. Qd3 Qd7 24. g3 Rfd8 25. Ng2 Ne6 26. Nfh4 Qe8 27. f4 a5 28. f5 Nf8 29. Bd2 Nb4 30. Bxb4 axb4 31. Rxc8 Rxc8 32. f6 Bh8 33. Qf3 e6 34. Qd1 Qc6 35. Ne3 Nd7 36. Qd2 Qc3 37. Rd1 Nxe5 38. dxe5 Qxe5 39. Ng4 Qg5 40. Qxg5 hxg5 41. Nf3 Rc2 42. Nxg5+ Kg8 43. Rd4 Rxa2 44. Rxb4 Ra7 45. Rb6 Kf8 46. Rd6 Ke8 47. Nxf7 Kxf7 48. Rd7+ Ke8 49. f7+ Kf8 50. Rd8+ Kxf7 51. Rxh8 Ra1+ 52. Kg2 Rb1 53. Rh7+ Kf8 54. Rxb7 d4 55. Rd7 Rxb3 56. Rxd4 Ke7 57. h4 Rb5 58. Kf3 e5 59. Re4 Ke6 60. Nxe5 Rxe5 61. Kf4 Rxe4+ 62. Kxe4 Kf6 63. Kf4 Ke6 64. Kg5 Kf7 65. Kh6 Kf6 66. g4 1-0

[Event "RSA-chT U14"]
[Site "Cape Town"]
[Date "2016.01.06"]
[Round "6.1"]
[White "Dinham, James"]
[Black "Malan, Jacques"]
[Result "0-1"]
[WhiteElo "1247"]
[BlackElo "1370"]
[PlyCount "20"]
[EventDate "2016.01.04"]
[EventType "team-tourn"]
[EventRounds "7"]
[EventCountry "RSA"]
[SourceTitle "CBM 170 Extra"]
[Source "ChessBase"]
[SourceDate "2016.02.25"]
[SourceVersion "1"]
[SourceVersionDate "2016.02.25"]
[SourceQuality "1"]
[WhiteTeam "Ekurhuleni"]
[BlackTeam "Johannesburg Metro"]
[WhiteTeamCountry "RSA"]
[BlackTeamCountry "RSA"]

1. e4 c5 2. Nf3 e6 3. d4 cxd4 4. Nxd4 Nc6 5. Nc3 a6 6. Be3 Qc7 7. Bc4 Nf6 8. Qd3 Ne5 9. Qe2 Nxc4 10. Rb1 Nxb2 0-1

[Event "RSA-ch U12"]
[Site "Waterkloof"]
[Date "2015.04.06"]
[Round "3"]
[White "Dheda, Khelan"]
[Black "Dinham, James"]
[Result "0-1"]
[WhiteElo "1147"]
[BlackElo "1071"]
[PlyCount "68"]
[EventDate "2015.04.04"]
[EventType "swiss"]
[EventRounds "9"]
[EventCountry "RSA"]
[SourceTitle "CBM 166 Extra"]
[Source "ChessBase"]
[SourceDate "2015.06.18"]
[SourceVersion "1"]
[SourceVersionDate "2015.06.18"]
[SourceQuality "1"]

1. d4 d5 2. c4 e5 3. dxe5 d4 4. Nf3 Nc6 5. Bf4 Be6 6. Nbd2 Bb4 7. a3 Bxd2+ 8. Nxd2 Nge7 9. Nf3 Bxc4 10. Rc1 Be6 11. h3 0-0 12. e3 dxe3 13. Bxe3 Nf5 14. Bc5 Re8 15. Bd3 Nfe7 16. 0-0 Qd7 17. Qc2 g6 18. Rcd1 Nd5 19. Be4 Rad8 20. Ng5 Nxe5 21. Qb3 c6 22. f4 Qc7 23. Nxe6 fxe6 24. fxe5 Qxe5 25. Qxb7 Qxe4 26. Qf7+ Kh8 27. Bd4+ e5 28. Rfe1 Qf5 29. Qxf5 gxf5 30. Rxe5 Rxe5 31. Bxe5+ Kg8 32. Rc1 Re8 33. Bd4 Nf4 34. Kf2 Nd3+ 0-1